000 00738nam a2200229 i 4500
001 bg
245 0 0 _aMetody numeryczne w elektrotechnice /
_cTeresa Guziak [et al.] ; Politechnika Lubelska.
260 _aLublin :
_bWydawnictwa Uczelniane PL,
_c1997.
300 _a322 s. :
_brys., wykr. ;
_c24 cm.
504 _aBibliogr. s. 317-318. - Indeks.
650 9 _aAnaliza numeryczna
_xstosowanie
_xelektrotechnika
655 _aPodręczniki akademickie
700 1 _aGUZIAK, Teresa.
711 2 _aPolitechnika Lubelska (Lublin)
_eInst. sprawcza
020 _a8387270806
040 _cBPK
041 0 _apl
080 _a621.3:519.61/.65](075.8)
920 _a83-87270-80-6
942 _cKS
008 s pl f |000 0 pol
999 _c32648
_d32648
856 _uhttp://koha.tu.koszalin.pl/cgi-bin/koha/opac-detail.pl?biblionumber=32648
_yKatalog online BPK